| 000 | 01286cam a22003254a 4500 | ||
|---|---|---|---|
| 999 |
_c10409 _d10409 |
||
| 001 | 11854550 | ||
| 003 | OSt | ||
| 005 | 20191221125347.0 | ||
| 008 | 991202s2000 nyua b 001 0 eng | ||
| 010 | _a 99059308 | ||
| 020 | _a0195115899 (pbk. : alk. paper) | ||
| 040 |
_aDLC _cDLC _dDLC |
||
| 042 | _apcc | ||
| 050 | 0 | 0 |
_aHD82 _b.L3273 2000 |
| 082 | 0 | 0 |
_a338.9 _221 _bMEI/L |
| 245 | 0 | 0 |
_aLeading issues in economic development / _c[edited by] Gerald M. Meier, James E. Rauch. |
| 250 | _a7th ed. | ||
| 260 |
_aNew York : _bOxford University Press, _c2000. |
||
| 300 |
_axviii, 578 p. : _bill. ; _c26 cm. |
||
| 504 | _aIncludes bibliographical references and index. | ||
| 650 | 0 | _aEconomic development. | |
| 700 |
_aMeier, Gerald M _9577 |
||
| 700 | 1 | _aRauch, James E. | |
| 856 | 4 | 2 |
_3Publisher description _uhttp://www.loc.gov/catdir/enhancements/fy0637/99059308-d.html |
| 856 | 4 | 1 |
_3Table of contents only _uhttp://www.loc.gov/catdir/enhancements/fy0637/99059308-t.html |
| 906 |
_a7 _bcbc _corignew _d1 _eocip _f19 _gy-gencatlg |
||
| 942 |
_2ddc _cBK _h338.9 _iMEI/L _k338.9 _mMEI/L |
||